Statistiques concernant la ligne R du Transilien : Les Gares

Cliquez ici pour prendre le quiz!

Statistiques générales

  • Ce quiz a été pris 67 fois
  • Le résultat moyen est 15 sur 26

Statistiques - réponses

n° / directionsGaresCorrespondances% Correct
2MelunRER D
100%
25Montargis
94%
1Paris-Gare-de-LyonRER A D M 1 14
94%
14Fontainebleau - Avon
84%
11Montereau
84%
11Montereau
84%
12Bois-le-Roi
71%
8Champagne-sur-Seine
65%
16 (séparation Mr/Mg)Moret-Veneux-les-Sablons
65%
15Thomery
58%
4Chartrettes
55%
6Héricy
55%
20Nemours - Saint-Pierre
55%
21Bagneaux-sur-Loing
52%
17 (vers Mr)Saint-Mammès
52%
10La Grande-Paroisse
48%
7Vulaines-sur-Seine - Samoreau
45%
23Dordives
42%
24Ferrières - Fontenay
42%
13Fontainebleau-Forêt
42%
22Souppes - Château-Landon
42%
3 (vers Mr depuis Mel.)Livry-sur-Seine
39%
19Bourron-Marlotte - Grez
35%
5Fontaine-le-Port
35%
18 (vers Mg)Montigny-sur-Loing
32%
9Vernou-sur-Seine
32%

Distribution des résultats

Percentile par nombre de réponses

% des personnes avec chaque résultat

Votre développement - résultats

Vous n’avez pas pris ce quiz